Central Library OPAC University of Rajshahi
Normal view MARC view

Entry Topical Term

Number of records used in: 2

001 - CONTROL NUMBER

  • control field: 9457

003 - CONTROL NUMBER IDENTIFIER

  • control field: BD-RjUL

005 - DATE AND TIME OF LATEST TRANSACTION

  • control field: 20231010160137.0

008 - FIXED-LENGTH DATA ELEMENTS

  • fixed length control field: 231010|| aca||aabn | a|a d

040 ## - CATALOGING SOURCE

  • Original cataloging agency: BD-RjUL
  • Transcribing agency: BD-RjUL

150 ## - HEADING--TOPICAL TERM

  • Topical term or geographic name entry element: Odonata
  • Form subdivision: Arthropoda

670 ## - SOURCE DATA FOUND

  • Source citation: Work cat.: (BD-RjUL)82081: Islam, A.B.M. Munsurul 9456, Diversity and abundance of odonata in Rajshahi District, Bangladesh /, 2021